Every Cena Title Win Opponent - Statistics

General Stats
  • This quiz has been taken 16 times
  • The average score is 23 of 43
Answer Stats
Hint Answer % Correct
WrestleMania 20 Big Show
89%
Big Show
89%
Royal Rumble 2006 Edge
89%
Unforgiven 2006 Edge
89%
Raw 2007 Edge
89%
WrestleMania 25 Edge
89%
WrestleMania 21 JBL
89%
Randy Orton
89%
Breaking Point 2009 Randy Orton
89%
Bragging Rights 2009 Randy Orton
89%
Randy Orton
89%
Randy Orton
89%
Triple H
89%
WrestleMania XXVI (26) Batista
78%
Raw 2011 Rey Mysterio
78%
Raw 2008 Cody Rhodes
67%
Bragging Rights 2010 Cody Rhodes
67%
WrestleMania 41 Cody Rhodes
67%
Roman Reigns
67%
Survivor Series 2008 Chris Jericho
56%
Kane
56%
Night of Champions 2015 Seth Rollins
56%
Extreme Rules 2011 The Miz
56%
Night of Champions 2011 Alberto Del Rio
44%
Hell in a Cell 2013 Alberto Del Rio
44%
Money in the Bank 2014 Alberto Del Rio
44%
Bray Wyatt
44%
WrestleMania 29 The Rock
44%
Royal Rumble 2017 AJ Styles
33%
WrestleMania 31 Rusev
33%
SmackDown 2004 Carlito
22%
Raw 2025 Dominik Mysterio
22%
John Morrison
22%
Kofi Kingston
22%
Elimination Chamber 2010 Sheamus
22%
Sheamus
22%
Raw 2008 Ted DiBiase Jr
22%
Ted DiBiase Jr.
22%
Raw 2011 Heath Slater
11%
Justin Gabriel
11%
No Mercy 2004 Booker T
0%
Cesaro
0%
Drew McIntyre
0%
No matching quizzes found
Score Distribution
Percent of People with Each Score
Percentile by Number Answered
Your Score History
You have not taken this quiz